Calcutta law times (Record no. 11121)
[ view plain ]
| 000 -LEADER | |
|---|---|
| fixed length control field | 00340nam a2200133Ia 4500 |
| 008 - FIXED-LENGTH DATA ELEMENTS--GENERAL INFORMATION | |
| fixed length control field | 131103s9999 xx 000 0 und d |
| 040 ## - CATALOGING SOURCE | |
| Original cataloging agency | Loreto College |
| 041 ## - LANGUAGE CODE | |
| Language code | English |
| 082 ## - DDC | ডিউই | |
| Classification number | বর্গসংখ্যা | 341/CAL |
| Book Number | গ্রন্থাঙ্ক | LCLIB/44418 |
| 245 ## - TITLE STATEMENT | অাখ্যা বিবরণী | |
| Title | অাখ্যা | Calcutta law times |
| Sub title | উপঅাখ্যা | 2005 Vol III, November, Part III |
| 650 ## - SUBJECT ADDED ENTRY--TOPICAL TERM | বিষয় শিরোনাম - মূল বিষয় | |
| Topical term | মূল বিষয় | Law |
| 850 ## - HOLDING INSTITUTION | |
| Holding institution | LCLIB/341/CAL |
| 942 ## - ADDED ENTRY ELEMENTS (KOHA) | |
| Koha item type | Books |
| Withdrawn status | Lost status | Damaged status | Not for loan | Home library | Current library | Date acquired | Total Checkouts | Full call number | Accession No. | Date last seen | Price effective from | Koha item type |
|---|---|---|---|---|---|---|---|---|---|---|---|---|
| Loreto College | Loreto College | 04/11/2013 | 341/CAL LCLIB/44418 | B11012 | 04/11/2013 | 04/11/2013 | Books | |||||
| Loreto College | Loreto College | 04/11/2013 | 341/CAL LCLIB/44418 | B11013 | 04/11/2013 | 04/11/2013 | Books |